000 00686nam a2200205Ia 4500
003 GCL
008 140319s9999 xx 000 0 ara d
040 _aGCL /
_cGCL
082 0 4 _aد
_b050
100 1 _aعبدالسلام الترمانينى
245 1 0 _aالزواج عند العرب فى الجاهلية والاسلام ( عالم المعرفة 80 ) /
_cعبدالسلام الترمانينى
300 _a636 ض
490 _aعالم المعرفة
_v0
650 0 4 _aالاسرة
650 0 4 _aالعادات والتقاليد
650 0 4 _aالاحوال الشخصية
650 0 4 _aالزواج
650 0 4 _aالاسرة فى الاسلام
942 _2ddc
_cBK
999 _c50227
_d50227